The limits to prime ministerial autonomy: Cameron and the constraints of coalition (Record no. 108143)

000 -LEADER
fixed length control field 00536pab a2200181 454500
008 - FIXED-LENGTH DATA ELEMENTS--GENERAL INFORMATION
fixed length control field 180718b2015 xxu||||| |||| 00| 0 eng d
100 ## - MAIN ENTRY--PERSONAL NAME
Personal name Bennister, Mark
245 ## - TITLE STATEMENT
Title The limits to prime ministerial autonomy: Cameron and the constraints of coalition
260 ## - PUBLICATION, DISTRIBUTION, ETC.
Date of publication, distribution, etc. 2015
300 ## - PHYSICAL DESCRIPTION
Extent p.25-41.
362 ## - DATES OF PUBLICATION AND/OR SEQUENTIAL DESIGNATION
Dates of publication and/or sequential designation Jan
650 ## - SUBJECT ADDED ENTRY--TOPICAL TERM
Topical term or geographic name entry element Prime ministers - Great Britain
650 ## - SUBJECT ADDED ENTRY--TOPICAL TERM
Topical term or geographic name entry element Coalition governments - Great Britain
650 ## - SUBJECT ADDED ENTRY--TOPICAL TERM
Topical term or geographic name entry element Prime ministers
700 ## - ADDED ENTRY--PERSONAL NAME
Personal name Heffernan, Richard
773 ## - HOST ITEM ENTRY
Main entry heading Parliamentary Affairs
909 ## -
-- 108148
Holdings
Withdrawn status Lost status Damaged status Not for loan Permanent Location Current Location Date acquired Serial Enumeration / chronology Barcode Date last seen Price effective from Koha item type
        Indian Institute of Public Administration Indian Institute of Public Administration 2018-07-19 Volume no: 68, Issue no: 1 AR108608 2018-07-19 2018-07-19 Articles

Powered by Koha